| Tag |
First Indicator |
Second Indicator |
Subfields |
| LEADER |
00000cam a2200000 i 4500 |
| 001 |
in00003520522 |
| 005 |
20151206125046.0 |
| 008 |
140109s2014 enka b 001 0 eng |
| 010 |
|
|
|a 2013042825
|
| 020 |
|
|
|a 9780521191012 (hardback)
|
| 020 |
|
|
|a 0521191017 (hardback)
|
| 020 |
|
|
|a 9780521138338 (paperback)
|
| 020 |
|
|
|a 0521138337 (paperback)
|
| 035 |
|
|
|a (OCoLC)ocn862883355
|
| 040 |
|
|
|a DLC
|e rda
|c DLC
|d UtOrBLW
|
| 049 |
|
|
|a TXAM
|
| 050 |
0 |
0 |
|a HB846.8
|b .P376 2014
|
| 082 |
0 |
0 |
|a 320.101
|2 23
|
| 100 |
1 |
|
|a Patty, John W.,
|e author.
|
| 245 |
1 |
0 |
|a Social choice and legitimacy :
|b the possibilities of impossibility /
|c John W. Patty, Washington University in St. Louis; Elizabeth Maggie Penn, Washington University in St. Louis.
|
| 264 |
|
1 |
|a Cambridge ;
|a New York :
|b Cambridge University Press,
|c 2014.
|
| 300 |
|
|
|a ix, 208 pages ;
|c 24 cm.
|
| 336 |
|
|
|a text
|b txt
|2 rdacontent
|
| 337 |
|
|
|a unmediated
|b n
|2 rdamedia
|
| 338 |
|
|
|a volume
|b nc
|2 rdacarrier
|
| 490 |
1 |
|
|a Political economy of institutions and decisions
|
| 504 |
|
|
|a Includes bibliographical references (pages 197-205) and index.
|
| 505 |
0 |
|
|a Part I. The Ubiquity of Aggregation: 1. Goals and trade-offs; 2. The debates surrounding social choice; 3. Social choice defended -- Part II. A Theory of Legitimate Choice: 4. Legitimacy and choice; 5. Principles and legitimate choice; 6. A social choice theory of legitimacy; 7. Theory and method -- Part III. Legitimate Policy Making in Practice: 8. Legislative legitimacy and judicial review; 9. Structuring discussion; 10. Administrative legitimacy; 11. Conclusion..
|
| 520 |
|
|
|a Governing requires choices, and hence trade-offs between conflicting goals or criteria. This book asserts that legitimate governance requires explanations for such trade-offs and then demonstrates that such explanations can always be found, though not for every possible choice. In so doing, John W. Patty and Elizabeth Maggie Penn use the tools of social choice theory to provide a new and discriminating theory of legitimacy. In contrast with both earlier critics and defenders of social choice theory, Patty and Penn argue that the classic impossibility theorems of Arrow, Gibbard, and Satterthwaite are inescapably relevant to, and indeed justify, democratic institutions. Specifically, these institutions exist to do more than simply make policy, through their procedures and proceedings, these institutions make sense of the tradeoffs required when controversial policy decisions must be made.
|
| 650 |
|
0 |
|a Social choice
|x Political aspects.
|
| 650 |
|
0 |
|a Rational choice theory
|x Political aspects.
|
| 650 |
|
0 |
|a Legitimacy of governments.
|
| 650 |
|
0 |
|a Government accountability.
|
| 650 |
|
7 |
|a POLITICAL SCIENCE / General.
|2 bisacsh
|
| 700 |
1 |
|
|a Penn, Elizabeth Maggie,
|d 1977-
|e author.
|
| 830 |
|
0 |
|a Political economy of institutions and decisions.
|
| 945 |
|
|
|a PromptCat
|b 15552
|
| 946 |
|
|
|a stk
|
| 947 |
|
|
|a A14840344417
|
| 948 |
|
|
|a cataloged
|b h
|c 2015/1/13
|d c
|e dmitchel
|f 2:50:40 pm
|
| 994 |
|
|
|a 92
|b TXA
|
| 999 |
|
|
|a MARS
|
| 999 |
f |
f |
|s d23b209c-162a-39ba-9868-d3abf6846b82
|i 9897982e-ddc2-3b8e-86c2-2a248bdbe597
|t 0
|
| 952 |
f |
f |
|p normal
|a Texas A&M University
|b College Station
|c Sterling C. Evans Library
|d Evans: Library Stacks
|t 0
|e HB846.8 .P376 2014
|h Library of Congress classification
|i unmediated -- volume
|m A14840344417
|
| 998 |
f |
f |
|a HB846.8 .P376 2014
|t 0
|l Evans: Library Stacks
|